Collected poetical works (Record no. 158114)

MARC details
000 -LEADER
fixed length control field 00738nam a2200253Ia 4500
003 - CONTROL NUMBER IDENTIFIER
control field OSt
005 - DATE AND TIME OF LATEST TRANSACTION
control field 20250530115757.0
008 - FIXED-LENGTH DATA ELEMENTS--GENERAL INFORMATION
fixed length control field 220917b |||||||| |||| 00| 0 eng d
037 ## - SOURCE OF ACQUISITION
Terms of availability Textual
040 ## - CATALOGING SOURCE
Original cataloging agency ARTS
Transcribing agency ARTS
Language of cataloging eng
041 ## - LANGUAGE CODE
Source of code eng
Language code of text/sound track or separate title eng
084 ## - COLON CLASSIFICATION NUMBER
Classification number O:1M37x E9.1-.2,.4-.6
Assigning agency ARTS
100 ## - MAIN ENTRY--PERSONAL NAME
Personal name Swinburne Algernon Charles
9 (RLIN) 22029
245 #0 - TITLE STATEMENT
Title Collected poetical works
260 ## - PUBLICATION, DISTRIBUTION, ETC.
Date of publication, distribution, etc. 1919
650 ## - SUBJECT ADDED ENTRY--TOPICAL TERM
Topical term or geographic name entry element ENGLISH LITERATURE
942 ## - ADDED ENTRY ELEMENTS (KOHA)
Koha item type Textual
Source of classification or shelving scheme Colon Classification (CC)
Classification part O:1M37x, E9.1-.2,.4-.6
Suppress in OPAC No
Holdings
Withdrawn status Lost status Source of classification or shelving scheme Damaged status Not for loan Home library Current library Date acquired Serial Enumeration / chronology Total Checkouts Full call number Barcode Date last seen Price effective from Koha item type
    Colon Classification (CC)     Arts Library Arts Library 2022-09-18 Vol. 1   O:1M37x E9.1 AL0000463 2022-09-18 2022-09-18 Textual
    Colon Classification (CC)     Arts Library Arts Library 2022-09-18 Vol. 2   O:1M37x E9.2 AL0000464 2022-09-18 2022-09-18 Textual
    Colon Classification (CC)     Arts Library Arts Library 2022-09-18 Vol. 4   O:1M37x E9.4 AL0000466 2022-09-18 2022-09-18 Textual
    Colon Classification (CC)     Arts Library Arts Library 2022-09-18 Vol. 5   O:1M37x E9.5 AL0000467 2022-09-18 2022-09-18 Textual
    Colon Classification (CC)     Arts Library Arts Library 2022-09-18 Vol. 6   O:1M37x E9.6 AL0000468 2022-09-18 2022-09-18 Textual
    Colon Classification (CC)     Arts Library Arts Library 2022-09-18 Vol. 3   O:1M37x E9.3 AL0000465 2025-05-30 2022-09-18 Textual
          Central Library Central Library 2022-10-05     O:1M37x E9;F7.2 CL0233925 2022-10-05 2022-10-05 Textual
Copyright @ Delhi University Library System